[Event "Myrhorod op"]
[Site "Myrhorod"]
[Date "2011.07.10"]
[Round "3"]
[White "Berezka, Alexandr"]
[Black "Burak, Ilona"]
[Result "1-0"]
[WhiteElo "2157"]
[BlackElo "1787"]
[PlyCount "47"]
[EventDate "2011.07.09"]
[EventType "swiss"]
[EventRounds "9"]
[EventCountry "UKR"]
[SourceTitle "CBM 143 Extra"]
[Source "ChessBase"]
[SourceDate "2011.08.29"]
[SourceVersion "1"]
[SourceVersionDate "2011.08.29"]
[SourceQuality "1"]

1. d4 d5 2. c4 dxc4 3. e3 Nf6 4. Bxc4 Nc6 5. Nc3 a6 6. Nf3 Bg4 7. d5 Ne5 8. Be2 Nxf3+ 9. gxf3 Bh5 10. e4 e6 11. Bg5 Be7 12. dxe6 fxe6 13. Qb3 Qc8 14. e5 Nd5 15. Bxe7 Nxe7 16. Rg1 Kf7 17. 0-0-0 Bg6 18. Ne4 Bxe4 19. fxe4 Rd8 20. Rxd8 Qxd8 21. Bg4 Qd4 22. Bxe6+ Kf8 23. Qf3+ Ke8 24. Qf7+ 1-0

[Event "UKR-ch sf"]
[Site "Alushta"]
[Date "2011.05.11"]
[Round "9"]
[White "Berezka, Alexandr"]
[Black "Burdalev, Kirill"]
[Result "0-1"]
[WhiteElo "2142"]
[BlackElo "2249"]
[PlyCount "152"]
[EventDate "2011.05.03"]
[EventType "swiss"]
[EventRounds "9"]
[EventCountry "UKR"]
[SourceTitle "CBM 142 Extra"]
[Source "ChessBase"]
[SourceDate "2011.06.27"]
[SourceVersion "1"]
[SourceVersionDate "2011.06.27"]
[SourceQuality "1"]

1. d4 Nf6 2. c4 g6 3. Nc3 Bg7 4. e4 d6 5. Nf3 0-0 6. Bg5 Na6 7. Be2 Qe8 8. 0-0 e5 9. dxe5 dxe5 10. Qc2 Nh5 11. Ne1 Nf4 12. Nd3 Nxe2+ 13. Qxe2 c6 14. Rfe1 Nc7 15. Nc5 b6 16. Nb3 Ne6 17. Bh4 Nd4 18. Qd3 Be6 19. Ne2 Nxb3 20. axb3 f6 21. Qc3 Rf7 22. Red1 Rd7 23. Qc2 Rad8 24. Nc3 Rxd1+ 25. Rxd1 Rd4 26. f3 Qd7 27. Bf2 Rxd1+ 28. Qxd1 Qxd1+ 29. Nxd1 Kf7 30. Kf1 Ke7 31. Ke2 Kd6 32. Kd3 f5 33. Nc3 Bf6 34. b4 Kd7 35. b5 cxb5 36. Nxb5 a6 37. Nc3 Kc6 38. Nd5 Bd8 39. Bg3 f4 40. Be1 b5 41. b3 bxc4+ 42. bxc4 a5 43. Bc3 Kd6 44. Bb2 Bd7 45. Ba3+ Ke6 46. Nc3 Bh4 47. Ke2 Bc6 48. Na2 Ba4 49. Nc1 Bc6 50. Nd3 Bd8 51. Kd2 g5 52. h3 h5 53. Bb2 Bc7 54. Nc5+ Kf6 55. Bc3 Bb6 56. Nb3 Be3+ 57. Kd3 a4 58. Na5 Bd7 59. g4 hxg4 60. hxg4 a3 61. Kc2 Ba4+ 62. Kb1 Bd1 63. Nc6 Bxf3 64. Nxe5 Bxe4+ 65. Ka2 Ke6 66. Kxa3 f3 67. Nxf3 Bxf3 68. Kb4 Bxg4 69. Be1 Bf3 70. Kb5 g4 71. Bg3 Bd4 72. c5 Be5 73. Bf2 g3 74. Bg1 Kd5 75. c6 Bd4 76. c7 Bg4 0-1

[Event "UKR-ch qual"]
[Site "Alushta"]
[Date "2007.05.11"]
[Round "1"]
[White "Shkuro, Iuri"]
[Black "Berezka, Alexandr"]
[Result "1-0"]
[WhiteElo "2463"]
[BlackElo "2239"]
[PlyCount "51"]
[EventDate "2007.05.11"]
[EventType "swiss"]
[EventRounds "9"]
[EventCountry "UKR"]
[SourceTitle "EXT 2008"]
[Source "ChessBase"]
[SourceDate "2007.11.25"]
[SourceVersion "1"]
[SourceVersionDate "2007.11.25"]
[SourceQuality "1"]

1. e4 c5 2. Nc3 Nc6 3. Bb5 g6 4. Bxc6 bxc6 5. d3 Bg7 6. f4 d6 7. Nf3 e6 8. 0-0 Ne7 9. Qe1 Qa5 10. Bd2 Qc7 11. e5 Nf5 12. Ne4 d5 13. Nf6+ Bxf6 14. exf6 h5 15. Qf2 Qb6 16. c4 d4 17. Rab1 a5 18. Ng5 Ba6 19. Rfe1 Ra7 20. Re5 Nd6 21. Qe1 Bc8 22. b3 Qd8 23. Rxc5 Qxf6 24. Rxc6 Qd8 25. Qe5 0-0 26. Rxd6 1-0